00581cam a2200145 450008200170000024500300001726001110004730000210015850000580017950000600023770000220029794200070031995200920032699900170041800a306.697bAHM10aIndia and the Arab world; aNew Delhi,bIndian Council for Cultural Relations; [sole distributors: Bhatkal Books International,c1968] aviii, 179, ii p. aImprint date on verso of t.p. covered by label, 1969. aOrganized by the Indian Council for Cultural Relations.1 aAhmad, S. Maqbul, cBK 00104070aHMIbHMIcGENd2018-07-12l0o306.697 AHMp8685r2018-07-12w2026-01-16yEB c21172d21172